[Event "77th Tata Steel GpB"]
[Site "Wijk aan Zee NED"]
[Date "2015.01.13"]
[Round "4.5"]
[White "Wei Yi"]
[Black "Gunina, Valentina"]
[Result "1-0"]
[WhiteElo "2675"]
[BlackElo "2538"]
[Annotator "Sagar Shah"]
[PlyCount "123"]
[EventDate "2015.01.10"]

1. e4 c6 2. d4 d5 3. e5 Bf5 4. Nf3 e6 5. Be2 Nd7 6. O-O Bg6 7. Nbd2 Nh6 8. Nb3
Nf5 9. Bd2 Be7 10. g4 Nh4 11. Nxh4 Bxh4 12. f4 f5 13. exf6 Qxf6 14. g5 Qf7 15.
Na5 Nb6 16. Bd3 Bh5 17. Nxb7 Nc8 18. Be2 Bxe2 19. Qxe2 Qxb7 20. Qh5+ Qf7 21.
Qxh4 Nd6 {It might seem unusual that I start my annotation from move 22
onwards but all of these moves have been seen in the game between
Khalifman-Sjugirov, European Championship 2013.} 22. Qh3 $146 {The first new
move of the game. Kalifman had preferred Bb4. How do we assess this position?
It's an imbalanced position and an excellent one for us to take into
consideration the various factors which go into correctly assessing the
position. Materially White is a solid pawn up. But positionally there are a
few trumps in Black's favour. His knight is excellently posted on d6 and has
two wonderfully squares as outposts, f5 and e4. At the same time after 0-0 the
rook of f8 stands quite well and also the rook on b8 will stand on the half
open file. According to me Black has decent compensation. The debate is of
course whether it is sufficient or not. Let's have a look.} Qf5 $5 {I find
this move interesting. Black is even ready to go into a pawn down endgame on
the basis of a superior minor piece.} (22... O-O $2 23. Bb4 $1 $16) (22... Rb8
$1 23. Rae1 Ne4 24. Qa3 h6 (24... Nxd2 25. Qd6 $18) (24... Qe7 25. Qxe7+ Kxe7
26. Bc1 a5 {could be another way to play.}) 25. Rxe4 $1 (25. gxh6 Qg6+ $1 26.
Kh1 Qxh6 $40) 25... dxe4 26. Qd6 Rd8 27. Qxc6+ Qd7 28. Qxe4 hxg5 (28... Qxd4+
29. Qxd4 Rxd4 30. Bc3 $14) 29. Qg6+ Qf7 30. Qxf7+ Kxf7 31. fxg5+ Kg6 $11 {And
the game should be equal.}) 23. Qxf5 exf5 24. Rf3 Kd7 25. Re1 Ne4 26. Bb4 a5
27. Bc5 h6 $1 28. gxh6 Rxh6 29. Re2 Rg6+ 30. Rg2 Rxg2+ 31. Kxg2 Re8 32. a4 Re6
(32... Nxc5 33. dxc5 Re2+ 34. Rf2 Re3 $11 {is a drawish endgame.}) 33. h3 Nd2
34. Rf2 Ne4 35. Rf3 Nd2 36. Rg3 g5 $5 37. Rxg5 Re2+ 38. Kg3 Ne4+ 39. Kf3 Rxc2
40. Rxf5 Rxb2 (40... Rf2+ 41. Ke3 (41. Kg4 Rg2+ 42. Kh4 Rxb2) 41... Rxb2 {
might be more accurate as later the king cannot go to g4.}) 41. Re5 Rb3+ 42.
Kg4 Rg3+ 43. Kh4 Rg7 $2 (43... Rc3 $1 {It was imperative to remain active.})
44. f5 Rh7+ 45. Kg4 Rg7+ 46. Kh5 Rh7+ 47. Kg6 Rxh3 48. Re7+ Kd8 49. Ra7 Ke8 50.
Ra8+ Kd7 51. Rxa5 Rg3+ 52. Kf7 Ng5+ 53. Kf6 Nh7+ 54. Ke5 {White is just
winning now. The a-pawn will prove to be too strong.} Re3+ 55. Kf4 Re4+ 56. Kf3
Nf6 57. Ra7+ Ke8 58. a5 Nd7 59. a6 Re1 60. Rb7 Ra1 61. a7 Kd8 62. Rb8+ {Gunina
assessed the opening position correctly. Black has enough compensation to hold
the balance. She even showed it till move 40 by making perfect moves. But
imperceptibly everything started going downhill for her and finally Wei Yi's
a-paawn gave him the full point.} 1-0

[Event "77th Tata Steel GpB"]
[Site "Wijk aan Zee NED"]
[Date "2015.01.13"]
[Round "4.6"]
[White "Haast, Anne"]
[Black "Van Kampen, Robin"]
[Result "0-1"]
[WhiteElo "2352"]
[BlackElo "2613"]
[Annotator "Sagar Shah"]
[PlyCount "72"]
[EventDate "2015.01.10"]

1. e4 e6 2. Nf3 d5 3. Nc3 Nf6 4. e5 Nfd7 5. d4 c5 6. dxc5 {This same opening
was tried by Anne Haast in her match recently against Elisabeth Paehtz and not
just once but twice. It is commendable that she is ready to try it once again.
It takes tremendous faith in one's preparation to do that.} Nc6 7. Bf4 Nxc5 8.
Bd3 Be7 9. O-O g5 {A new move by Robin and the computer approves of this
choice. Below are the two games played by Anne in her match against Paehtz.} (
9... a6 10. Re1 g5 (10... O-O 11. Ne2 f5 12. Ned4 g5 13. Bc1 Bd7 14. Bf1 Ne4
15. c4 Bb4 16. Rxe4 dxe4 17. Nxg5 Nxd4 18. Qxd4 Qe7 19. Nh3 Bc6 20. a3 Rad8 21.
Qe3 Bc5 22. Qh6 Rde8 23. Bg5 Qg7 24. Qxg7+ Kxg7 25. Rd1 a5 26. Be2 h6 27. Bd2
a4 28. Nf4 Re7 29. Bc3 e3 30. Kf1 Kh7 31. Nd3 Ba7 32. Bb4 Ree8 33. Bxf8 Rxf8
34. Nb4 Be8 35. Rd6 Bc5 36. Rxe6 Bd7 37. Rf6 Rxf6 38. exf6 exf2 39. Nd3 Bd4 40.
Bf3 Bc6 41. Bd1 b5 42. b3 bxc4 43. bxc4 Kg6 44. Nxf2 Kxf6 45. Nd3 Be4 46. Nf4
Bc6 47. Nd3 Be4 48. Nf4 Bc6 {1/2-1/2 (48) Haast,A (2360)-Paehtz,E (2485)
Groningen NED 2014}) 11. Bg3 h5 12. h3 Qb6 13. a3 Bd7 14. b4 Nxd3 15. Qxd3 g4
16. hxg4 hxg4 17. Nh2 Qd4 18. Rad1 Qxd3 19. Rxd3 Rg8 20. Nd1 Na7 21. Ne3 Ba4
22. Rd2 Nb5 23. Nexg4 Nxa3 24. Ra1 Nc4 25. Re2 Bb5 26. c3 O-O-O 27. f3 d4 28.
cxd4 Rxd4 29. Bf2 Rd7 30. Nf6 Bxf6 31. exf6 Rgd8 32. Ng4 b6 33. Ne5 Nxe5 34.
Rxe5 Kb7 35. Rg5 Rd1+ 36. Rxd1 Rxd1+ 37. Kh2 Kc6 38. g4 Rd5 39. Rxd5 Kxd5 40.
Bxb6 Ke5 41. g5 Kf5 42. f4 Kg6 43. Kg3 {1/2-1/2 (43) Haast,A (2360)-Paehtz,E 
(2485) Groningen NED 2014}) 10. Bg3 h5 11. h3 Qb6 12. Rb1 Bd7 (12... Nxd3 13.
Qxd3 Bd7 $15 {seems like a better choice.}) 13. b4 $6 (13. Be2 {preserving the
bishop could well have been a better choice.} g4 14. hxg4 hxg4 15. Nh2 $13)
13... Nxd3 14. Qxd3 g4 15. hxg4 hxg4 16. Nh2 Rh5 $1 {An excellent rook lift
putting pressure on the e5 pawn.} 17. Rfe1 (17. Nxg4 O-O-O $1 18. Ne2 Rdh8 19.
Nh2 Nxe5 20. Bxe5 Rxe5 $17) 17... Nxb4 $1 {A bold decision by Robin. It is not
easy to enter into a pin voluntarily. But nothing terrible is happening and
the queen can go to a5 on the next move.} 18. Qd2 Qa5 19. Ne2 Nc6 20. Qxa5 Nxa5
21. Nxg4 $17 {Materially it is all even but positionally Black is just better.
White pawn structure has too many pawn weaknesses which can be easily attacked.
Robin Van Kampen does not play in the most accurate fashion but the sustained
pressure forces her opponent into making a big mistake.} Rc8 22. c3 Rc4 23. f3
Rh8 24. Bf2 b6 25. Bd4 Nc6 26. Kf2 Kd8 27. Rec1 Ba3 28. Ne3 Ra4 29. Rc2 Ke7 30.
g4 Rc8 31. f4 Nxd4 32. cxd4 Kf8 33. Rxc8+ Bxc8 34. f5 Ba6 35. Rb3 $6 {most
probably due to time trouble.} (35. fxe6 fxe6 36. Nf4 {And White has very good
prospects.}) 35... Be7 {Now both a2 and d4 pawn are hanging.} 36. Nc3 $2 Rxd4
0-1

[Event "77th Tata Steel GpB"]
[Site "Wijk aan Zee NED"]
[Date "2015.01.24"]
[Round "12"]
[White "Wei Yi"]
[Black "Haast, A."]
[Result "1-0"]
[WhiteElo "2675"]
[BlackElo "2352"]
[PlyCount "51"]
[EventDate "2015.01.10"]

1. e4 c5 2. Nf3 e6 3. d4 cxd4 4. Nxd4 Nc6 5. Nc3 Qc7 6. Be3 a6 7. Qf3 Ne5 8.
Qg3 h5 9. O-O-O h4 10. Qh3 b5 11. f4 Nc4 12. Bxc4 Qxc4 13. f5 Bb7 14. Rhf1 e5
15. Nb3 Qc7 {So far we have been following the game Saric-Giri, played but a
few days ago in the same room these two players are battling. Saric continued
Bg5, Kb1 seems to be Wei Yi's novelty.} 16. Kb1 (16. f6 Nxf6 17. Rxf6 gxf6 18.
Bb6 Bh6+ {is a very, very important check. Now there is no mate on d7 and the
queen can take the bishop on b6. When telling my students how to analyze
openigs, sometimes it is not so important to memorize your lines - but
understand WHY these moves are being played. 16.Kb1 had the threat of f6!})
16... Rc8 $2 {One move played on her own, and already a decisive mistake! This
is not necessarily any fault of hers, but the character of the positoin is
incredibly sharp.} (16... Nf6 17. Nd5 Bxd5 18. exd5 Rc8 {is simply complicated.
}) 17. f6 Nxf6 18. Rxf6 gxf6 19. Bb6 {Now it is all over. The queen has no
good places to go to.} Qc6 20. Na5 Qe6 21. Nxb7 {all this is forced, and White
is ahead in material. The two pieces will dominate the rook in any endgame, so
Black tries to keep the queens at least.} Rb8 (21... Qxh3 22. gxh3 Rb8 23. Nd6+
Bxd6 24. Rxd6 $18) 22. Nd5 $1 Rxb7 23. Qc3 $1 {However, Wei Yi continues to
onslaught.} Qc6 24. Nxf6+ Ke7 25. Bd8+ Ke6 (25... Kxd8 26. Qxc6 {is a nasty
pin.}) 26. Qh3# {Oops! Checkmate on the board!} 1-0